| 000 | 00799nam a2200253Ia 4500 | ||
|---|---|---|---|
| 003 | OSt | ||
| 005 | 20220918170959.0 | ||
| 006 | a|||||r|||| 00| 0 | ||
| 007 | ta | ||
| 008 | 220917b |||||||| |||| 00| 0 eng d | ||
| 020 |
_a9781108422963 (hbk) _cUKP 75.00 |
||
| 024 | _a348,382 | ||
| 037 |
_b13796, 07/02/2019, Elite Publishers Distributors _cTextual |
||
| 040 |
_aARTS _cARTS _beng |
||
| 041 |
_2eng _aeng |
||
| 082 | _aO111,1N50:g, Q8 | ||
| 100 |
_aRobinson Peter _932852 |
||
| 245 | 0 | _aSound sense of poetry | |
| 260 |
_aCambridge _bCambridge University Press UK _c2018 |
||
| 300 |
_axi,230p. _ccm. |
||
| 650 | _aENGLISH LITERATURE | ||
| 942 |
_hO111,1N50:g, Q8 _cTEXL _2CC |
||
| 999 |
_c137088 _d137088 |
||